<?xml version="1.0" encoding="UTF-8"?>
<record
    xmlns:xsi="http://www.w3.org/2001/XMLSchema-instance"
    xsi:schemaLocation="http://www.loc.gov/MARC21/slim http://www.loc.gov/standards/marcxml/schema/MARC21slim.xsd"
    xmlns="http://www.loc.gov/MARC21/slim">

  <leader>00805nam a2200181   4500</leader>
  <controlfield tag="003">LK-CoDNM</controlfield>
  <controlfield tag="005">20231122152457.0</controlfield>
  <controlfield tag="008">231122b        |||||||| |||| 00| 0 eng d</controlfield>
  <datafield tag="020" ind1=" " ind2=" ">
    <subfield code="a">9786240011174</subfield>
  </datafield>
  <datafield tag="040" ind1=" " ind2=" ">
    <subfield code="a">LK-CoDNM</subfield>
    <subfield code="d">LK-CoDNM</subfield>
    <subfield code="e">LK-CoDNM</subfield>
  </datafield>
  <datafield tag="041" ind1=" " ind2=" ">
    <subfield code="a">sin</subfield>
  </datafield>
  <datafield tag="080" ind1=" " ind2=" ">
    <subfield code="a">294.3</subfield>
    <subfield code="b">&#xD85;&#xDBB;&#xDD2;&#xDBA;</subfield>
  </datafield>
  <datafield tag="100" ind1=" " ind2=" ">
    <subfield code="a">&#xD85;&#xDBB;&#xDD2;&#xDBA;&#xDB0;&#xDB8;&#xDCA;&#xDB8; &#xDC4;&#xDD2;&#xDB8;&#xDD2;,&#xD9C;&#xDDC;&#xDA9;&#xD8B;&#xDA9;</subfield>
    <subfield code="v">Ariyadamma Thero, Godauda</subfield>
  </datafield>
  <datafield tag="245" ind1=" " ind2=" ">
    <subfield code="a">&#xDC3;&#xDD4;&#xDB1;&#xDCF;&#xDB4;&#xDBB;&#xDB1;&#xDCA;&#xDAD;&#xDDA;  &#xDB4;&#xDD4;&#xDAB;&#xDCA;&#xDAB; &#xDC4;&#xDCF;&#xDB8;&#xDD4;&#xDAF;&#xDD4;&#xDBB;&#xDD4;&#xDC0;&#xDDD;: &#xDAF;&#xDD3;&#xD9D; &#xDB1;&#xDD2;&#xD9A;&#xDCF;&#xDBA;&#xDDA; &#xDB4;&#xDD4;&#xDAB;&#xDCA;&#xDAB;&#xDDD;&#xDC0;&#xDCF;&#xDAF; &#xDC3;&#xDD4;&#xDAD;&#xDCA;&#x200D;&#xDBB;&#xDBA;,&#xDC3;&#xDD4;&#xDB8;&#xD82;&#xD9C;&#xDBD;  &#xDC0;&#xDD2;&#xDBD;&#xDCF;&#xDC3;&#xDD2;&#xDB1;&#xDD3;&#xDD3;&#xDD3;&#xDD3; &#xD85;&#xDA7;&#xDCA;&#xDA8;&#xD9A;&#xDAD;&#xDCF;&#xDC0; &#xDC4;&#xDCF; &#xDAF;&#xDD3;&#xD9D; &#xDB1;&#xDD2;&#xD9A;&#xDCF;&#xDBA; &#xDA7;&#xDD3;&#xD9A;&#xDCF;&#xDC0; &#xD86;&#xDC1;&#xDCA;&#x200D;&#xDBB;&#xDBA;&#xDD9;&#xDB1;&#xDD2;.</subfield>
  </datafield>
  <datafield tag="260" ind1=" " ind2=" ">
    <subfield code="a">Colombo</subfield>
    <subfield code="b">Godage</subfield>
    <subfield code="c">2021</subfield>
  </datafield>
  <datafield tag="300" ind1=" " ind2=" ">
    <subfield code="a">26p.21cm</subfield>
  </datafield>
  <datafield tag="942" ind1=" " ind2=" ">
    <subfield code="n">0</subfield>
    <subfield code="c">BK</subfield>
  </datafield>
  <datafield tag="952" ind1=" " ind2=" ">
    <subfield code="0">0</subfield>
    <subfield code="1">0</subfield>
    <subfield code="4">0</subfield>
    <subfield code="7">0</subfield>
    <subfield code="a">MAIN</subfield>
    <subfield code="b">MAIN</subfield>
    <subfield code="d">2023-11-22</subfield>
    <subfield code="l">0</subfield>
    <subfield code="o">294.3 &#xD85;&#xDBB;&#xDD2;&#xDBA;</subfield>
    <subfield code="p">p45078</subfield>
    <subfield code="r">2023-11-22</subfield>
    <subfield code="w">2023-11-22</subfield>
    <subfield code="y">BK</subfield>
  </datafield>
  <datafield tag="999" ind1=" " ind2=" ">
    <subfield code="c">143585</subfield>
    <subfield code="d">143585</subfield>
  </datafield>
</record>
